000 004930000a22001690004500
003 MACL
005 20150707143143.0
008 150707b xxu||||| |||| 00| 0 eng d
040 _aMACL
_cMACL
041 _aEnglish
100 _aRehman, Suraiya Tabassum
_91156
245 _aChanging Patterns Of Relationship Between Indian And African communities In East Africa
260 _bAcademic Excellence
_c2006
_aNew Delhi
350 _a400
650 _aSocial Science
_91157
942 _cBK
_k307
_2ddc
999 _c2450
_d2450